| 000 | 00624nam a2200193Ia 4500 | ||
|---|---|---|---|
| 005 | 20250508160456.0 | ||
| 008 | 008 250505s9999 xx 000 0 eng d | ||
| 037 | _aTextual | ||
| 040 |
_aFEDL _beng _cFEDL |
||
| 041 |
_aeng _2eng |
||
| 084 |
_a370.9, CHA _qFEDL |
||
| 100 | _aChaube S P | ||
| 245 | 0 | _aComparative education : A study of contemporary national systems of education in U.S.A., France, U.S.S.R.,Great Britain, Japan and Turkey | |
| 260 |
_aAgra, India _bRam Prasad and Sons _c1969 |
||
| 300 | _axxi,591p. | ||
| 650 | _aEducation | ||
| 942 |
_cTEXL _h370.9, CHA |
||
| 999 |
_c1364845 _d1364845 |
||